<?xml version="1.0" encoding="UTF-8"?>
<record
    xmlns:xsi="http://www.w3.org/2001/XMLSchema-instance"
    xsi:schemaLocation="http://www.loc.gov/MARC21/slim http://www.loc.gov/standards/marcxml/schema/MARC21slim.xsd"
    xmlns="http://www.loc.gov/MARC21/slim">

  <leader>02796nam a2200289 a 4500</leader>
  <controlfield tag="003">OSt</controlfield>
  <controlfield tag="005">20240905144217.0</controlfield>
  <controlfield tag="007">cr ||||||a|c|a</controlfield>
  <controlfield tag="008">231123s2021    mx a|||fom||| 001 0 spa d</controlfield>
  <datafield tag="040" ind1=" " ind2=" ">
    <subfield code="e">rda</subfield>
  </datafield>
  <datafield tag="100" ind1="1" ind2=" ">
    <subfield code="9">188298</subfield>
    <subfield code="a">Sosa Calix, Jainer Oniel</subfield>
  </datafield>
  <datafield tag="245" ind1="1" ind2="0">
    <subfield code="a">Modelaci&#xF3;n de la din&#xE1;mica de poblaciones de trips (insecta : thysanoptera ) en el cultivo de aguacate (Persea americana Mill.) /</subfield>
    <subfield code="c">por Jainer Oniel Sosa Calix : director de tesis Joel Pineda Pineda.</subfield>
  </datafield>
  <datafield tag="264" ind1=" " ind2="1">
    <subfield code="a">Chapingo, M&#xE9;xico :</subfield>
    <subfield code="b">El autor,</subfield>
    <subfield code="c">2021.</subfield>
  </datafield>
  <datafield tag="300" ind1=" " ind2=" ">
    <subfield code="a">1 recurso en l&#xED;nea (200 p&#xE1;ginas):</subfield>
    <subfield code="b">figuras, cuadros.</subfield>
  </datafield>
  <datafield tag="336" ind1=" " ind2=" ">
    <subfield code="2">rdacontent</subfield>
    <subfield code="a">texto</subfield>
    <subfield code="b">txt</subfield>
  </datafield>
  <datafield tag="337" ind1=" " ind2=" ">
    <subfield code="2">rdamedia</subfield>
    <subfield code="a">computadora</subfield>
    <subfield code="b">c</subfield>
  </datafield>
  <datafield tag="338" ind1=" " ind2=" ">
    <subfield code="2">rdacarrier</subfield>
    <subfield code="a">recurso en l&#xED;nea</subfield>
    <subfield code="b">cr</subfield>
  </datafield>
  <datafield tag="502" ind1=" " ind2=" ">
    <subfield code="b">MCPV</subfield>
    <subfield code="c">Parasitolog&#xED;a</subfield>
    <subfield code="d">2021.</subfield>
  </datafield>
  <datafield tag="504" ind1=" " ind2=" ">
    <subfield code="a">Incluye referencias bibliogr&#xE1;ficas: p&#xE1;ginas 64-73,184-186.</subfield>
  </datafield>
  <datafield tag="520" ind1=" " ind2=" ">
    <subfield code="a">En el presente trabajo se plantearon dos objetivos: resumir los principales enfoques del modelado din&#xE1;mico de poblaciones de insectos mediante ecuaciones diferenciales (ordinarias y parciales) y el desarrollo de dos modelos matem&#xE1;ticos, uno simple y otro complejo, para predecir el comportamiento de la din&#xE1;mica de poblaciones de trips en el cultivo de aguacate. En primer lugar, se describen los procedimientos de desarrollo de un modelo compartimental basado en ecuaciones diferenciales ordinarias (ODEs) y un modelo complejo basado en una ecuaci&#xF3;n diferencial parcial (PDE). Ambos procedimientos se basan en datos de desarrollo, mortalidad y tasas de oviposici&#xF3;n medidas a temperaturas constantes. Adicionalmente, el modelo basado en PDE utiliza tasas de dispersi&#xF3;n. Ambos modelos emplean la temperatura del aire como variable de entrada. El modelo simple consta de trece ODEs mientras que la discretizaci&#xF3;n de la PDE da lugar a ciento trece ODEs. En segundo lugar, se presenta la programaci&#xF3;n computacional de ambos modelos en los ambientes de simulaci&#xF3;n Fortran Simulation Translator (FST) y Matlab-Simulink, que resuelven num&#xE9;ricamente los modelos mediante el algoritmo de integraci&#xF3;n de Euler. Finalmente, se discuten el desempe&#xF1;o, las fortalezas y debilidades de los dos modelos. Las principales conclusiones de este trabajo son que ambos enfoques son necesarios para aumentar el conocimiento del comportamiento de la poblaci&#xF3;n de trips, pero tambi&#xE9;n para utilizar diversos modelos en el combate de plagas insectiles en cultivos agr&#xED;colas como el aguacate.</subfield>
  </datafield>
  <datafield tag="650" ind1=" " ind2="4">
    <subfield code="9">2543</subfield>
    <subfield code="a">Aguacate</subfield>
    <subfield code="x">Plagas</subfield>
  </datafield>
  <datafield tag="650" ind1=" " ind2="4">
    <subfield code="9">58911</subfield>
    <subfield code="a">Insectos</subfield>
    <subfield code="x">Dispersi&#xF3;n</subfield>
  </datafield>
  <datafield tag="650" ind1=" " ind2="4">
    <subfield code="9">58929</subfield>
    <subfield code="a">Insectos</subfield>
    <subfield code="x">Identificaci&#xF3;n</subfield>
  </datafield>
  <datafield tag="700" ind1="1" ind2=" ">
    <subfield code="9">88172</subfield>
    <subfield code="a">Pineda Pineda, Joel</subfield>
    <subfield code="e">Director de tesis.</subfield>
  </datafield>
  <datafield tag="856" ind1=" " ind2=" ">
    <subfield code="u">http://10.13.5.2/tesis/tm/1813033-8_JAINER_ONIEL_SOSA_CALIX.pdf</subfield>
    <subfield code="z">DESCARGAR PDF</subfield>
  </datafield>
  <datafield tag="942" ind1=" " ind2=" ">
    <subfield code="2">Clasificaci&#xF3;n Universidad Aut&#xF3;noma Chapingo</subfield>
    <subfield code="c">TD</subfield>
  </datafield>
  <datafield tag="999" ind1=" " ind2=" ">
    <subfield code="c">219442</subfield>
    <subfield code="d">219442</subfield>
  </datafield>
  <datafield tag="952" ind1=" " ind2=" ">
    <subfield code="0">0</subfield>
    <subfield code="1">0</subfield>
    <subfield code="2">local</subfield>
    <subfield code="4">0</subfield>
    <subfield code="5">1</subfield>
    <subfield code="7">0</subfield>
    <subfield code="8">TesDigM</subfield>
    <subfield code="a">BD</subfield>
    <subfield code="b">BD</subfield>
    <subfield code="c">E_L</subfield>
    <subfield code="d">2023-11-23</subfield>
    <subfield code="l">0</subfield>
    <subfield code="o">Tesis digital</subfield>
    <subfield code="r">2023-11-23 00:00:00</subfield>
    <subfield code="w">2023-11-23</subfield>
    <subfield code="y">TD</subfield>
  </datafield>
</record>
